[Event "Aspe 4th"]
[Site "Aspe"]
[Date "2012.05.12"]
[Round "4"]
[White "Magdaleno Puche, Jose Manuel"]
[Black "Domene Corral, Jose Luis"]
[Result "1-0"]
[WhiteElo "1615"]
[BlackElo "1322"]
[PlyCount "107"]
[EventDate "2012.04.21"]
[EventType "tourn"]
[EventRounds "11"]
[EventCountry "ESP"]
[SourceTitle "EXT 2024"]
[Source "ChessBase"]
[SourceDate "2023.10.10"]
[SourceVersion "1"]
[SourceVersionDate "2023.10.10"]
[SourceQuality "1"]

1. d4 Nf6 2. c4 g6 3. Nc3 d5 4. cxd5 Nxd5 5. e4 Nxc3 6. bxc3 c5 7. Be3 Bg7 8. Bc4 0-0 9. Ne2 Nc6 10. Qd2 Na5 11. Bd3 Qc7 12. Bh6 Rd8 13. Bxg7 Kxg7 14. Qe3 cxd4 15. cxd4 Nc4 16. Qc1 Qa5+ 17. Kf1 Nd2+ 18. Kg1 Qg5 19. Qb2 Bh3 20. d5+ f6 21. Ng3 Bc8 22. Rd1 Nf3+ 23. gxf3 Bh3 24. Bf1 Bc8 25. h4 Qf4 26. Qa3 Rd6 27. Bh3 Bxh3 28. Rxh3 Kf7 29. Qe3 Qe5 30. f4 Qb2 31. Qb3 Qxb3 32. axb3 Rc8 33. Ne2 Rb6 34. Rc1 Rxc1+ 35. Nxc1 Rb4 36. Re3 Rd4 37. Ne2 Rd1+ 38. Kg2 b5 39. Nc3 Ra1 40. Nxb5 a6 41. Nd4 Rd1 42. Nc6 e6 43. Nd8+ Ke7 44. Nxe6 f5 45. exf5 gxf5 46. Nc5+ Kd6 47. Nxa6 Rxd5 48. Nb4 Rd4 49. Rd3 Rxd3 50. Nxd3 Kd5 51. Kf3 Kd4 52. b4 h5 53. b5 Kd5 54. Ke3 1-0